000 00583nam a2200193 i 4500
001 141488
003 ES-MaACL
005 20250809063522.0
007 t|
008 070924s1973 sp ||||1| spa d
100 1 _aVoillaume, René,
_d1905-2003
_9115676
245 1 3 _aLa contemplación hoy /
_cRené Voillaume ; [tradujo José Valladares].
260 _aSalamanca :
_bSígueme,
_c1973.
300 _a66 p. ;
_c18 cm.
650 4 _aContemplación.
_9156806
700 1 _aValladares, José.
_9112725
852 _aES-MaACL
_jC-55822
_bR.88626
999 _c141488
_d141488